000 01579nam a2200349 a 4500
999 _c346700
_d346700
003 BLK
005 20250721120450.0
008 180411b bul|||||r ||||||| ||bul||
010 _aKNG00185655000
020 _a9789549749953
040 _aBLK
041 _aBUL
_cBUL
080 _aАмериканска литература (на САЩ)
_b821.111(73)
_x-93-34
_z821.111(73)-93-34
100 _91299
_aБакман, Бет
_eпърви автор
139 _aБакман, Бет
_bБ 16
245 1 0 _aУжасни, непоносими, кошмарни маниери
_cБет Бакман ; ил. Ричард Уотсън ; прев. от англ. Виктория Илиева
257 _aGBR
260 _aСофия
_bКлевър Бук
_c2016
_f(Пловдив : Жанет 45)
_9216689
_n978-954-9749-
300 _a32 с.
_bс цв. ил.
_c29 см
380 _aDX
490 _aАз се уча да чета
_9208316
490 1 _aСтавам се по-добър
500 _aОриг. загл., установено от доп. източник: Terrible, awful, horrible manners! / Beth Bracken, в сер. Ставам по-добър
653 _aадаптирани книги
653 _aлитература за деца
700 _aУотсън, Ричард
_eил.
_9344817
700 _aИлиева, Виктория
_eпрев. от англ.
_91021
852 _bД
_c821-93/Б 16 Б
942 _cKNG
_n0
_0103
_s1
944 _aCR
_c2019-11-21
_lАнна Гръцманова
_k30564
944 _aED
_c2021-12-13
_kГГГ